000 00777nam a22002297a 4500
003 PE SENCICO BE
005 20251020182626.0
008 230203b |||||||| |||| 00| 0 eng d
020 _a978-84-15829-65-2
040 _aPE SENCICO BE
_cPE SENCICO BE
041 _aeng
082 _a720
_bM5
110 1 _9238
_aInstituto Monsa de Ediciones
245 1 _aPublic architecture :
_bbuidings, terminals, bus stop, train station ... /
_cInstituto Monsa de Ediciones
260 _aBarcelona :
_bInstituto Monsa de Ediciones,
_c2014
300 _a111 p. :
_bil. col., fotog.,
_c24 cm.
650 1 4 _949
_aArquitectura
650 2 4 _9569
_aTerminal de autobuses
650 2 4 _9570
_aArquitectura urbana
910 _bhfp
_chfp
942 _2ddc
_cLIB
_h720
_iI4
999 _c3809
_d3809